000 01058nam a2200253Ia 4500
003 OSt
005 20220923212503.0
006 a|||||r|||| 00| 0
007 ta
008 220922b |||||||| |||| 00| 0 hin d
024 _a153,464
037 _cTextual
040 _aARTS
_cARTS
_bhin
041 _2hin
_ahin
082 _aO152,2:g(Y), N3
100 _aबेल्लमकौण्डा, सुरेन्द्र
_9162543
245 0 _aस्वातन्त्र्योत्तर हिन्दी एवं तेलुगु एकांकियों में सामाजिक जीवन
246 _aSvātantryottar hindī evan telugu ekāankiyoan mean sāmājik jīvana
260 _aआन्ध प्रदेश
_b तेलुगु विश्व विद्यालय
_c1993
300 _a111 पृ.
_ccm.
650 _aहिन्दी नाटक
942 _hO152,2:g(Y), N3
_cTEXL
_2CC
999 _c309107
_d309107